000
00276nam a22001217a 4500
020
_a
0-7131-3291-4
082
_a
670.42 CHA'W
100
_a
CHAPMAN, W.A.J.DR
_9
59974
245
_a
WORKSHOP TECHNOLOGY PART-II
260
_a
LONDON
_b
ELBS
_c
1972
300
_a
399P
942
_c
BK
999
_c
569826
_d
569826